[Event "Portuguese Masters"]
[Site "Lisbon"]
[Date "2022.12.17"]
[Round "2"]
[White "Ferreira, Luis Pedro Oliveira"]
[Black "Margarido, Jose Miguel Teixeir"]
[Result "1-0"]
[WhiteElo "2199"]
[BlackElo "2124"]
[PlyCount "157"]
[EventDate "2022.12.16"]
[EventType "tourn"]
[EventRounds "9"]
[EventCountry "POR"]
[SourceTitle "CBM 211 Extra"]
[Source "ChessBase"]
[SourceDate "2023.01.31"]
[SourceVersion "1"]
[SourceVersionDate "2023.01.31"]
[SourceQuality "1"]

1. e4 c6 2. Nc3 d5 3. Nf3 dxe4 4. Nxe4 Nf6 5. Nxf6+ exf6 6. g3 Na6 7. Bg2 Qe7+ 8. Qe2 Qxe2+ 9. Kxe2 Bd6 10. d3 0-0 11. a3 Re8+ 12. Kd1 Bc5 13. Re1 Bg4 14. Be3 Bb6 15. Kd2 Nc7 16. h3 Bxf3 17. Bxf3 Bxe3+ 18. Rxe3 Kf8 19. b4 a5 20. Rb1 axb4 21. Rxe8+ Kxe8 22. Rxb4 Nb5 23. a4 Nd6 24. c4 c5 25. Bxb7 Rd8 26. Rb1 Nxc4+ 27. Kc3 Na5 28. Re1+ Kd7 29. Bd5 Rb8 30. Bxf7 Rb4 31. Be8+ Kd6 32. Bb5 Rb3+ 33. Kc2 Ra3 34. Re8 Ra2+ 35. Kc3 Rxf2 36. Rd8+ Kc7 37. Rd7+ Kb6 38. Rxg7 Rf3 39. h4 Nb7 40. Kd2 Nd6 41. Bd7 c4 42. dxc4 Nxc4+ 43. Ke2 Ne5 44. Bb5 Kc5 45. h5 h6 46. Rg6 Kd4 47. Rxh6 Re3+ 48. Kf1 Ng4 49. Rg6 Rxg3 50. Bd7 Rf3+ 51. Kg2 Ne5 52. Bb5 Rf5 53. Rh6 Ke3 54. Rh8 Rg5+ 55. Kf1 Rf5+ 56. Ke1 Rg5 57. Kd1 Rg2 58. Re8 Rh2 59. Re6 Rxh5 60. Rxf6 Rh2 61. Rd6 Ra2 62. Kc1 Nf3 63. Kb1 Rd2 64. Rxd2 Kxd2 65. a5 Nd4 66. Bd7 Ne2 67. a6 Nc3+ 68. Kb2 Nd5 69. a7 Nc7 70. Kb3 Kd3 71. Kb4 Kd4 72. Bc6 Ke5 73. Kc5 Ke6 74. Ba4 Ke7 75. Kc6 Kd8 76. Kb7 Na8 77. Kxa8 Kc8 78. Bd7+ Kc7 79. Be6 1-0

[Event "POR-ch Blitz"]
[Site "Viseu"]
[Date "2022.06.11"]
[Round "6"]
[White "Ferreira, Luis Pedro Oliveira"]
[Black "Martins, Bruno Andre Leite"]
[Result "0-1"]
[WhiteElo "2187"]
[BlackElo "2329"]
[PlyCount "82"]
[EventDate "2022.06.11"]
[EventType "swiss (blitz)"]
[EventRounds "11"]
[EventCountry "POR"]
[SourceTitle "CBM 208 Extra"]
[Source "ChessBase"]
[SourceDate "2022.07.31"]
[SourceVersion "1"]
[SourceVersionDate "2022.07.31"]
[SourceQuality "1"]

1. e4 e6 2. d4 d5 3. Nc3 Bb4 4. exd5 exd5 5. Qf3 Ne7 6. Bd3 Nbc6 7. Nge2 h5 8. h3 Be6 9. Bd2 Qd7 10. a3 Bxc3 11. Bxc3 Bf5 12. 0-0-0 0-0-0 13. Rde1 Bxd3 14. Qxd3 Nf5 15. Bd2 Nd6 16. f3 Qf5 17. Qxf5+ Nxf5 18. c3 f6 19. g4 Nh4 20. Ref1 hxg4 21. hxg4 Ng6 22. Nf4 Nxf4 23. Bxf4 Rde8 24. g5 Kd7 25. gxf6 gxf6 26. Rfg1 Rxh1 27. Rxh1 Ne7 28. Rh7 c6 29. Kd2 Ke6 30. Be3 Rg8 31. Kd3 Rg2 32. b3 Rb2 33. b4 Ra2 34. f4 Rxa3 35. f5+ Nxf5 36. Rxb7 Nxe3 37. Kxe3 Rxc3+ 38. Kd2 Rc4 39. Rxa7 Rxd4+ 40. Kc3 Rc4+ 41. Kb3 f5 0-1

[Event "POR-ch Blitz"]
[Site "Viseu"]
[Date "2022.06.11"]
[Round "5"]
[White "Ferreira, Luis Pedro Oliveira"]
[Black "Silva, Miguel Antonio Neto"]
[Result "1/2-1/2"]
[WhiteElo "2187"]
[BlackElo "2207"]
[PlyCount "120"]
[EventDate "2022.06.11"]
[EventType "swiss (blitz)"]
[EventRounds "11"]
[EventCountry "POR"]
[SourceTitle "CBM 208 Extra"]
[Source "ChessBase"]
[SourceDate "2022.07.31"]
[SourceVersion "1"]
[SourceVersionDate "2022.07.31"]
[SourceQuality "1"]

1. e4 c5 2. Nc3 Nc6 3. g3 g6 4. Bg2 Bg7 5. d3 d6 6. Be3 Rb8 7. a4 a6 8. Qd2 b5 9. axb5 axb5 10. f4 b4 11. Nd1 e6 12. Nf3 Nge7 13. d4 cxd4 14. Nxd4 0-0 15. 0-0 Nxd4 16. Bxd4 Bxd4+ 17. Qxd4 d5 18. exd5 exd5 19. Ne3 Be6 20. Rfd1 Qc8 21. Kh1 Rd8 22. Qf6 Qc5 23. Re1 d4 24. Ng4 Bxg4 25. Rxe7 Rf8 26. Raa7 Qxc2 27. h3 Qf5 28. Qxf5 Bxf5 29. Bd5 Rbd8 30. Bxf7+ Kh8 31. Be6 g5 32. Bxf5 Rxf5 33. Rxh7+ Kg8 34. Rag7+ Kf8 35. fxg5 d3 36. Rh8+ Kxg7 37. Rxd8 Rf3 38. Kg2 Re3 39. Kf2 Re2+ 40. Kf3 Rxb2 41. Rxd3 Kg6 42. Kg4 Rc2 43. Rd6+ Kf7 44. Rb6 Rc4+ 45. Kh5 Rd4 46. h4 Rc4 47. Rb7+ Ke6 48. g4 Kd6 49. g6 Kc6 50. g7 Kxb7 51. g8Q Rc5+ 52. Qg5 Rxg5+ 53. hxg5 b3 54. g6 b2 55. g7 b1Q 56. g8Q Qh1+ 57. Kg6 Qe4+ 58. Kh6 Qh1+ 59. Kg7 Qa1+ 60. Kh7 Qh1+ 1/2-1/2

[Event "POR-ch Blitz"]
[Site "Viseu"]
[Date "2022.06.11"]
[Round "3"]
[White "Ferreira, Luis Pedro Oliveira"]
[Black "Veiga, Jose Francisco RP"]
[Result "1-0"]
[WhiteElo "2187"]
[BlackElo "2377"]
[PlyCount "150"]
[EventDate "2022.06.11"]
[EventType "swiss (blitz)"]
[EventRounds "11"]
[EventCountry "POR"]
[SourceTitle "CBM 208 Extra"]
[Source "ChessBase"]
[SourceDate "2022.07.31"]
[SourceVersion "1"]
[SourceVersionDate "2022.07.31"]
[SourceQuality "1"]

1. e4 e5 2. Nc3 Nc6 3. Bc4 Bc5 4. Qg4 Kf8 5. Qd1 Nf6 6. d3 d6 7. h3 a6 8. Nf3 Na5 9. Bg5 h6 10. Bh4 c6 11. a3 Nxc4 12. dxc4 Be6 13. Qd3 g5 14. Bg3 Nh5 15. b4 Ba7 16. Rd1 Ke7 17. c5 Nxg3 18. cxd6+ Kf8 19. fxg3 f6 20. Rf1 Kg7 21. Na4 b5 22. Nc5 Bxc5 23. bxc5 Bc4 24. Qc3 Bxf1 25. Kxf1 Qd7 26. g4 h5 27. gxh5 Rxh5 28. Nh2 Rh4 29. Ng4 Rxg4 30. hxg4 Qxg4 31. Qf3 Qe6 32. d7 Rd8 33. Rd6 Qc4+ 34. Ke1 Qf7 35. Qf5 a5 36. c3 a4 37. g3 Qg6 38. Qxg6+ Kxg6 39. g4 Kf7 40. Ke2 Ke7 41. Rxc6 Rxd7 42. Rb6 Rd8 43. Rxb5 Rh8 44. Rb7+ Ke6 45. Rb6+ Ke7 46. c6 Rh2+ 47. Kd3 Ra2 48. c7 Kd7 49. Rc6 Kc8 50. Rxf6 Rxa3 51. Rf5 Kxc7 52. Rxe5 Ra1 53. Rxg5 a3 54. Ra5 Kb6 55. Ra8 Kb7 56. Ra4 Kb6 57. Kc4 Re1 58. Kb3 Kb5 59. Rb4+ Kc5 60. Kxa3 Rg1 61. Kb3 Rxg4 62. Rd4 Rg1 63. Rd5+ Kc6 64. Kc4 Re1 65. Re5 Rd1 66. Rh5 Re1 67. Rh6+ Kd7 68. Kd5 Rd1+ 69. Ke5 Rc1 70. Rh7+ Kc6 71. Kf6 Rxc3 72. e5 Kd5 73. Rd7+ Kc6 74. Rd1 Rf3+ 75. Ke7 Ra3 1-0

[Event "POR-ch Blitz"]
[Site "Viseu"]
[Date "2022.06.11"]
[Round "8"]
[White "Sousa, Andre Ventura"]
[Black "Ferreira, Luis Pedro Oliveira"]
[Result "1-0"]
[WhiteElo "2420"]
[BlackElo "2187"]
[PlyCount "68"]
[EventDate "2022.06.11"]
[EventType "swiss (blitz)"]
[EventRounds "11"]
[EventCountry "POR"]
[SourceTitle "CBM 208 Extra"]
[Source "ChessBase"]
[SourceDate "2022.07.31"]
[SourceVersion "1"]
[SourceVersionDate "2022.07.31"]
[SourceQuality "1"]

1. e4 e6 2. d4 d5 3. e5 c5 4. c3 Bd7 5. Nf3 Qb6 6. Bd3 Bb5 7. dxc5 Bxc5 8. b4 Bf8 9. Be3 Qa6 10. Bxb5+ Qxb5 11. a4 Qd7 12. 0-0 Ne7 13. Na3 Nbc6 14. Bc5 a6 15. b5 Na5 16. Bb4 axb5 17. axb5 Nc8 18. Nc2 b6 19. Ncd4 Qb7 20. Qd3 Bxb4 21. cxb4 Nc4 22. Qc3 Ne7 23. Rxa8+ Qxa8 24. Ra1 Qb8 25. Nc6 Nxc6 26. bxc6 b5 27. Qd4 0-0 28. Qc5 Qc7 29. Ra7 Qb8 30. c7 Qb6 31. Qxb6 Nxb6 32. Rb7 Nc8 33. Rxb5 f6 34. Rb8 fxe5 1-0

[Event "Lisbon Portugal rapid 2op"]
[Site "Lisbon"]
[Date "2020.02.02"]
[Round "6"]
[White "Ferreira, Luis Pedro Oliveira"]
[Black "Goluch, Piotr"]
[Result "1/2-1/2"]
[WhiteElo "2150"]
[BlackElo "2391"]
[PlyCount "156"]
[EventDate "2020.01.02"]
[EventType "swiss (rapid)"]
[EventRounds "8"]
[EventCountry "POR"]
[SourceTitle "CBM 194 Extra"]
[Source "ChessBase"]
[SourceDate "2020.03.31"]
[SourceVersion "1"]
[SourceVersionDate "2020.03.31"]
[SourceQuality "1"]

1. e4 c6 2. d4 d5 3. Nc3 dxe4 4. Nxe4 Bf5 5. Ng3 Bg6 6. Nh3 e6 7. Nf4 Qh4 8. c3 Nf6 9. Qb3 b6 10. Bc4 Bd6 11. Nge2 0-0 12. Nxg6 hxg6 13. Bxe6 Qh5 14. Be3 Nd5 15. Bxd5 cxd5 16. g4 Qxg4 17. Qxd5 Qd7 18. Bf4 Bxf4 19. Qxd7 Nxd7 20. Nxf4 g5 21. Nd5 Rfd8 22. 0-0-0 Nf8 23. Ne7+ Kh7 24. Rdg1 Re8 25. Nf5 Kg6 26. Ne3 f6 27. h4 Ne6 28. hxg5 Nxg5 29. Rg3 Kf7 30. Rhg1 Rg8 31. Nf5 Rad8 32. f4 Ne6 33. c4 Nxf4 34. Rxg7+ Rxg7 35. Rxg7+ Ke6 36. Ne3 Rxd4 37. Rxa7 Rd3 38. Ra8 Kd7 39. Nf5 Ne2+ 40. Kc2 Rf3 41. Kd2 Nf4 42. Rf8 Nh5 43. Rf7+ Kd8 44. Nd4 Rf2+ 45. Kc3 Ng3 46. b4 Rxa2 47. Rxf6 Ne4+ 48. Kb3 Rd2 49. Nc6+ Kc7 50. Rg6 Rd3+ 51. Kb2 Rd2+ 52. Kc1 Rd6 53. Rxd6 Kxd6 54. Nd4 Ke5 55. Nf3+ Kf4 56. Nd2 Nd6 57. Kc2 Ke5 58. Kd3 Nc8 59. Nf1 Ne7 60. Ne3 Kd6 61. Ke4 Nc6 62. Nd5 b5 63. c5+ Kd7 64. Kf5 Nb8 65. Nf4 Na6 66. Nd3 Kc6 67. Ne5+ Kd5 68. c6 Kd6 69. Nd3 Nb8 70. Ke4 Nxc6 71. Ke3 Kd5 72. Kd2 Kc4 73. Kc2 Nd4+ 74. Kd2 Kb3 75. Nc5+ Kxb4 76. Na6+ Kc4 77. Kc1 Kc3 78. Nc7 b4 1/2-1/2

[Event "Lisbon Portugal op"]
[Site "Lisbon"]
[Date "2017.02.08"]
[Round "7"]
[White "Vasques, Antonio Pedro Freix"]
[Black "Ferreira, Luis Pedro Oliveira"]
[Result "1-0"]
[WhiteElo "2333"]
[BlackElo "2117"]
[PlyCount "71"]
[EventDate "2017.02.04"]
[EventType "swiss"]
[EventRounds "9"]
[EventCountry "POR"]
[SourceTitle "CBM 176 Extra"]
[Source "ChessBase"]
[SourceDate "2017.03.02"]
[SourceVersion "1"]
[SourceVersionDate "2017.03.02"]
[SourceQuality "1"]

1. e4 e6 2. d4 d5 3. Nc3 dxe4 4. Nxe4 Nd7 5. Nf3 Ngf6 6. Nxf6+ Nxf6 7. Bd3 b6 8. Qe2 Bb7 9. Bg5 Be7 10. 0-0-0 Nd5 11. h4 Nb4 12. Bb5+ c6 13. Bc4 b5 14. Bxe6 fxe6 15. Qxe6 Qd7 16. Rhe1 Nd5 17. Bxe7 Nxe7 18. Qe5 Kd8 19. Ng5 Ng6 20. Qc5 Re8 21. Rxe8+ Qxe8 22. h5 Nf8 23. Qd6+ Kc8 24. f4 Qd8 25. Qc5 Kc7 26. Re1 Rc8 27. Re7+ Kb8 28. Rxg7 Qe8 29. b3 Qe3+ 30. Kb2 h6 31. Qd6+ Ka8 32. Re7 Qg1 33. Ne4 c5 34. Nxc5 Bxg2 35. Rc7 Rb8 36. Rxa7+ 1-0

[Event "Lisbon Portugal op"]
[Site "Lisbon"]
[Date "2017.02.07"]
[Round "6"]
[White "Ferreira, Luis Pedro Oliveira"]
[Black "Strugnell, Carl"]
[Result "1-0"]
[WhiteElo "2117"]
[BlackElo "2255"]
[PlyCount "77"]
[EventDate "2017.02.04"]
[EventType "swiss"]
[EventRounds "9"]
[EventCountry "POR"]
[SourceTitle "CBM 176 Extra"]
[Source "ChessBase"]
[SourceDate "2017.03.02"]
[SourceVersion "1"]
[SourceVersionDate "2017.03.02"]
[SourceQuality "1"]

1. e4 e5 2. Nf3 Nc6 3. Bb5 a6 4. Ba4 Nf6 5. c3 Nxe4 6. Qe2 Nd6 7. Nxe5 Be7 8. 0-0 Nxe5 9. Qxe5 0-0 10. d4 Bf6 11. Qh5 b5 12. Bc2 g6 13. Qh3 Re8 14. Bf4 Nc4 15. b3 Nb6 16. Qf3 Ra7 17. Nd2 d5 18. Rae1 Re6 19. Rxe6 Bxe6 20. Re1 a5 21. Be5 Bg5 22. Qe2 b4 23. cxb4 axb4 24. f4 Bf6 25. f5 gxf5 26. Bb1 Nd7 27. Qh5 Bxe5 28. dxe5 Nf8 29. Nf3 c5 30. Nh4 Ng6 31. Nxf5 Bxf5 32. Qxf5 Qh4 33. Rd1 Nf4 34. g3 Ne2+ 35. Kg2 Qh6 36. Rxd5 Qc6 37. Qxh7+ Kf8 38. Qh8+ Ke7 39. Qd8+ 1-0

[Event "Lisbon Portugal op"]
[Site "Lisbon"]
[Date "2017.02.06"]
[Round "5"]
[White "Fernandez Vazquez, Jorge"]
[Black "Ferreira, Luis Pedro Oliveira"]
[Result "0-1"]
[WhiteElo "1995"]
[BlackElo "2117"]
[PlyCount "54"]
[EventDate "2017.02.04"]
[EventType "swiss"]
[EventRounds "9"]
[EventCountry "POR"]
[SourceTitle "CBM 176 Extra"]
[Source "ChessBase"]
[SourceDate "2017.03.02"]
[SourceVersion "1"]
[SourceVersionDate "2017.03.02"]
[SourceQuality "1"]

1. d4 d6 2. Nf3 Nf6 3. c4 Nbd7 4. Nc3 e5 5. e4 g6 6. g3 Bg7 7. Bg2 0-0 8. 0-0 c6 9. h3 a5 10. Be3 exd4 11. Bxd4 Re8 12. Re1 a4 13. a3 Qa5 14. Bxf6 Bxf6 15. Qxd6 Bxc3 16. bxc3 Nc5 17. Nd4 Be6 18. Nxe6 Rxe6 19. Qd1 Qxc3 20. Qc1 Qxc1 21. Rexc1 Nb3 22. Rab1 Nxc1 23. Rxc1 Rd8 24. Bf1 Rxe4 25. Rb1 c5 26. Kg2 Rd2 27. Rxb7 Re1 0-1

[Event "POR-ch"]
[Site "Barcelos"]
[Date "2016.10.08"]
[Round "8"]
[White "Ferreira, Luis Pedro Oliveira"]
[Black "Dias, Paulo Jorge Guimara"]
[Result "1/2-1/2"]
[WhiteElo "2144"]
[BlackElo "2332"]
[PlyCount "148"]
[EventDate "2016.10.02"]
[EventType "tourn"]
[EventRounds "9"]
[EventCountry "POR"]
[EventCategory "4"]
[SourceTitle "EXT 2017"]
[Source "ChessBase"]
[SourceDate "2016.10.25"]
[SourceVersion "1"]
[SourceVersionDate "2016.10.25"]
[SourceQuality "1"]

1. e4 g6 2. Nc3 Bg7 3. f4 c6 4. Bc4 d5 5. Bb3 dxe4 6. Nxe4 Nf6 7. d3 Nxe4 8. dxe4 Qxd1+ 9. Kxd1 Na6 10. c3 Nc5 11. Bc2 Be6 12. Be3 0-0-0+ 13. Ke2 Bc4+ 14. Kf3 Bd3 15. Bxd3 Nxd3 16. Rb1 e5 17. f5 gxf5 18. exf5 e4+ 19. Ke2 Rd5 20. Nh3 Rxf5 21. Ng5 Nf4+ 22. Bxf4 Rxf4 23. Ke3 Rf5 24. Nxe4 Re8 25. Rbe1 Kb8 26. Re2 Bh6+ 27. Kd3 Rd5+ 28. Kc4 f5 29. Ng3 Rxe2 30. Nxe2 Rd2 31. Nd4 Rxb2 32. Nxf5 Bg5 33. h4 Bd8 34. g4 Rxa2 35. g5 Ra4+ 36. Kb3 Rf4 37. Ng7 Rg4 38. Rf1 Ba5 39. Rf8+ Kc7 40. Nf5 Rf4 41. Rf7+ Kb6 42. Nd6 Rxh4 43. Nc4+ Ka6 44. Nxa5 Kxa5 45. Rxb7 Ka6 46. Rg7 Kb6 47. g6 hxg6 48. Rxg6 Kb5 49. Rg8 a5 50. Rb8+ Kc5 51. Ra8 Kb5 52. Rb8+ Kc5 53. Ra8 Kb6 54. Rb8+ Ka7 55. Rd8 a4+ 56. Ka3 Kb6 57. Rb8+ Kc5 58. Ra8 Rh3 59. Rxa4 Rxc3+ 60. Kb2 Rc4 61. Ra8 Kd4 62. Rd8+ Ke3 63. Kb3 Rc1 64. Kb2 Rc5 65. Kb3 Ke4 66. Re8+ Kd4 67. Rh8 Rc3+ 68. Kb2 Re3 69. Rh4+ Kd3 70. Kb3 c5 71. Rc4 Re5 72. Rc1 Rh5 73. Rd1+ Ke2 74. Rd8 Rh4 1/2-1/2

[Event "POR-ch"]
[Site "Barcelos"]
[Date "2016.10.06"]
[Round "6"]
[White "Ferreira, Luis Pedro Oliveira"]
[Black "Santos, Hugo Lima"]
[Result "0-1"]
[WhiteElo "2144"]
[BlackElo "2310"]
[PlyCount "86"]
[EventDate "2016.10.02"]
[EventType "tourn"]
[EventRounds "9"]
[EventCountry "POR"]
[EventCategory "4"]
[SourceTitle "EXT 2017"]
[Source "ChessBase"]
[SourceDate "2016.10.25"]
[SourceVersion "1"]
[SourceVersionDate "2016.10.25"]
[SourceQuality "1"]

1. e4 e5 2. Nf3 Nf6 3. Nxe5 d6 4. Nf3 Nxe4 5. Qe2 Qe7 6. d3 Nf6 7. Qxe7+ Bxe7 8. Be2 Nc6 9. 0-0 Bg4 10. h3 Bh5 11. Re1 0-0-0 12. c3 Rhe8 13. Bg5 h6 14. Bxf6 Bxf6 15. Nbd2 Bg6 16. d4 Ne7 17. Bf1 Nd5 18. Rxe8 Rxe8 19. Re1 Rf8 20. g3 Kd7 21. Bg2 c6 22. Nh4 Bxh4 23. Bxd5 Bg5 24. f4 cxd5 25. fxg5 hxg5 26. g4 b5 27. a3 a5 28. Kf2 Ra8 29. Nf3 f6 30. b4 axb4 31. axb4 Ra2+ 32. Re2 Ra3 33. Re3 Be4 34. Kg3 Ra2 35. h4 Bxf3 36. Rxf3 gxh4+ 37. Kxh4 Ke6 38. Kh5 Kf7 39. Kh4 Re2 40. Rf5 Re3 41. g5 Ke6 42. gxf6 Kxf5 43. f7 g5+ 0-1

[Event "Pontevedra op 4th"]
[Site "Pontevedra"]
[Date "2016.08.14"]
[Round "9"]
[White "Campora, Daniel Hugo"]
[Black "Ferreira, Luis Pedro Oliveira"]
[Result "1-0"]
[WhiteElo "2445"]
[BlackElo "2238"]
[PlyCount "91"]
[EventDate "2016.08.08"]
[EventType "swiss"]
[EventRounds "9"]
[EventCountry "ESP"]
[SourceTitle "CBM 173 Extra"]
[Source "ChessBase"]
[SourceDate "2016.08.29"]
[SourceVersion "1"]
[SourceVersionDate "2016.08.29"]
[SourceQuality "1"]

1. e4 e6 2. d4 d5 3. Nd2 dxe4 4. Nxe4 Nd7 5. Nf3 Ngf6 6. Bg5 Be7 7. Bxf6 Bxf6 8. Be2 0-0 9. 0-0 b6 10. c3 Bb7 11. Qc2 Qe7 12. Rad1 g6 13. Rfe1 Bg7 14. Bc4 Rad8 15. Qe2 c5 16. d5 Bxd5 17. Bxd5 exd5 18. Rxd5 Nf6 19. Nxf6+ Qxf6 20. Qd3 h6 21. h3 Rxd5 22. Qxd5 Qd8 23. Qb7 Re8 24. Rxe8+ Qxe8 25. Qxa7 Qb5 26. Qa8+ Kh7 27. Qa3 Qd3 28. Qb3 c4 29. Qxb6 Qb1+ 30. Kh2 Qxa2 31. Qb7 Kg8 32. h4 Qb1 33. g3 Qd3 34. Kg2 Qe2 35. Nd4 Qd3 36. Qa8+ Bf8 37. Qf3 Qb1 38. Qe2 Bg7 39. Nf3 Kh7 40. h5 Qf5 41. Qxc4 Qxh5 42. Qxf7 Kh8 43. Nh4 Qb5 44. Nxg6+ Kh7 45. Ne7 h5 46. Nf5 1-0

[Event "Famalicao op 4th"]
[Site "Famalicao"]
[Date "2016.08.05"]
[Round "7"]
[White "Ribeiro, Rodrigo"]
[Black "Ferreira, Luis Pedro Oliveira"]
[Result "0-1"]
[WhiteElo "1185"]
[BlackElo "2198"]
[PlyCount "66"]
[EventDate "2016.07.30"]
[EventType "swiss"]
[EventRounds "7"]
[EventCountry "POR"]
[SourceTitle "CBM 173 Extra"]
[Source "ChessBase"]
[SourceDate "2016.08.29"]
[SourceVersion "1"]
[SourceVersionDate "2016.08.29"]
[SourceQuality "1"]

1. d4 d6 2. c4 e5 3. dxe5 dxe5 4. Qxd8+ Kxd8 5. Nc3 c6 6. Nf3 f6 7. e4 Be6 8. Be2 Nd7 9. 0-0 a5 10. Be3 Bc5 11. Bd2 Kc7 12. Na4 Ne7 13. Bc3 Bb4 14. Rfd1 Bxc3 15. Nxc3 Nc5 16. a4 Rhd8 17. Nd2 Rd7 18. Ra3 Rad8 19. Ncb1 Nxe4 20. Kf1 Nxd2+ 21. Nxd2 Rxd2 22. Rxd2 Rxd2 23. Rg3 Rxb2 24. f3 g5 25. h4 Nf5 26. Rh3 Ne3+ 27. Ke1 Nxg2+ 28. Kf2 Bxh3 29. Kg3 Rxe2 30. Kxh3 h5 31. hxg5 fxg5 32. c5 Nf4+ 33. Kg3 Rg2# 0-1

[Event "Famalicao op 4th"]
[Site "Famalicao"]
[Date "2016.08.04"]
[Round "6"]
[White "Ferreira, Luis Pedro Oliveira"]
[Black "Silva, Ana Ines Teixeira D"]
[Result "1/2-1/2"]
[WhiteElo "2198"]
[BlackElo "1797"]
[PlyCount "63"]
[EventDate "2016.07.30"]
[EventType "swiss"]
[EventRounds "7"]
[EventCountry "POR"]
[SourceTitle "CBM 173 Extra"]
[Source "ChessBase"]
[SourceDate "2016.08.29"]
[SourceVersion "1"]
[SourceVersionDate "2016.08.29"]
[SourceQuality "1"]

1. e4 c6 2. d4 d5 3. Nc3 dxe4 4. Nxe4 Nd7 5. Nf3 Ngf6 6. Ng3 e6 7. Bd3 c5 8. c3 cxd4 9. cxd4 Bd6 10. 0-0 0-0 11. Qe2 b6 12. Ng5 Qe7 13. Nxh7 Nxh7 14. Bxh7+ Kxh7 15. Qe4+ Kg8 16. Qxa8 Ba6 17. Qxa7 Bxf1 18. Nxf1 Rc8 19. Bg5 Qxg5 20. Qxd7 Rd8 21. Qc6 Qa5 22. Ne3 Bf4 23. Nc4 Qh5 24. g3 Rxd4 25. Nxb6 Bd6 26. Nc4 Bc5 27. Rc1 Rd5 28. Rf1 Qf3 29. Nd2 Qe2 30. Nb3 Bxf2+ 31. Rxf2 Qe1+ 32. Rf1 1/2-1/2

[Event "Portugal op"]
[Site "Oeiras"]
[Date "2015.09.05"]
[Round "9"]
[White "Ferreira, Luis Pedro Oliveira"]
[Black "Carvalho, Vitor Hugo Pina Soa"]
[Result "1-0"]
[WhiteElo "2218"]
[BlackElo "1824"]
[PlyCount "79"]
[EventDate "2015.08.30"]
[EventType "swiss"]
[EventRounds "9"]
[EventCountry "POR"]
[SourceTitle "EXT 2016"]
[Source "ChessBase"]
[SourceDate "2015.10.08"]
[SourceVersion "1"]
[SourceVersionDate "2015.10.08"]
[SourceQuality "1"]

1. e4 e5 2. Nf3 Nf6 3. Nc3 Nc6 4. d4 exd4 5. Nxd4 d6 6. Bc4 Be7 7. 0-0 0-0 8. Nxc6 bxc6 9. Re1 Nd7 10. Bf1 Bf6 11. Ne2 c5 12. Nf4 Rb8 13. c3 Be5 14. Nd5 g6 15. Qa4 Nb6 16. Qxa7 Rb7 17. Qa5 Nxd5 18. exd5 Bd7 19. Rxe5 dxe5 20. Qxc5 Bf5 21. b4 Be4 22. Bh6 Re8 23. Bb5 Rxb5 24. Qxb5 Bxd5 25. Qd3 Bxa2 26. Qxd8 Rxd8 27. f3 Ra8 28. Rd1 Be6 29. Re1 f6 30. f4 Ra2 31. fxe5 Bd5 32. exf6 Rxg2+ 33. Kf1 Rxh2 34. Re8+ Kf7 35. Rf8+ Ke6 36. Bg7 Rh3 37. Re8+ Kd7 38. Re7+ Kc6 39. Ke2 Rf3 40. c4 1-0

[Event "Lisbon Odisseias rapid op 1st"]
[Site "Lisbon"]
[Date "2015.08.12"]
[Round "4"]
[White "Ferreira, Luis Pedro Oliveira"]
[Black "Teixeira, Ricardo"]
[Result "1-0"]
[WhiteElo "2126"]
[BlackElo "1869"]
[PlyCount "41"]
[EventDate "2015.08.13"]
[EventType "swiss (rapid)"]
[EventRounds "7"]
[EventCountry "POR"]
[SourceTitle "EXT 2018"]
[Source "ChessBase"]
[SourceDate "2017.10.13"]
[SourceVersion "1"]
[SourceVersionDate "2017.10.13"]
[SourceQuality "1"]

1. e4 c5 2. Nc3 g6 3. g3 Bg7 4. Bg2 e6 5. d3 Ne7 6. Be3 d6 7. d4 Qa5 8. Nge2 0-0 9. 0-0 Nbc6 10. d5 Ne5 11. dxe6 Bxe6 12. Qxd6 N7c6 13. Qxc5 Qa6 14. Nd4 Bc4 15. Rfd1 Rac8 16. Nxc6 Rxc6 17. Qxa7 Qxa7 18. Bxa7 Rfc8 19. f4 Ng4 20. h3 Ne3 21. Bxe3 1-0

[Event "POR-chT Districts"]
[Site "Pombal"]
[Date "2015.07.05"]
[Round "4.2"]
[White "Ferreira, Luis Pedro Oliveira"]
[Black "Dionizio, Andre Filipe Nascim"]
[Result "0-1"]
[WhiteElo "2256"]
[BlackElo "1924"]
[PlyCount "62"]
[EventDate "2015.07.04"]
[EventType "team-swiss"]
[EventRounds "4"]
[EventCountry "POR"]
[SourceTitle "EXT 2018"]
[Source "ChessBase"]
[SourceDate "2017.10.13"]
[SourceVersion "1"]
[SourceVersionDate "2017.10.13"]
[SourceQuality "1"]
[WhiteTeam "Lisbon"]
[BlackTeam "Faro"]
[WhiteTeamCountry "POR"]
[BlackTeamCountry "POR"]

1. e4 c6 2. d4 d5 3. Nc3 dxe4 4. Nxe4 Nf6 5. Nxf6+ gxf6 6. Be3 Qb6 7. Qc1 Bf5 8. Ne2 Nd7 9. h4 h5 10. Nf4 Qa5+ 11. c3 e5 12. Ne2 c5 13. Ng3 Be6 14. dxc5 Bxc5 15. Be2 0-0-0 16. Bxh5 f5 17. Bxc5 Qxc5 18. Bf3 e4 19. Be2 Qe5 20. Nh5 Rxh5 21. Bxh5 f4 22. Bd1 Nc5 23. Kf1 Rg8 24. Bc2 e3 25. Qe1 Bc4+ 26. Kg1 f3 27. Rh2 e2 28. Qd2 Rd8 29. Qe3 Qxe3 30. fxe3 Rd2 31. b4 e1Q+ 0-1